000 00302nam a22001457a 4500
020 _a81-8858225-5
082 _a894.892.3
_bRAM/S
100 _aRAMANUNNY,K.P
245 _aSHEERSHASANAM
260 _a2004
_bGREEN BOOKS
_cKOTTAYAM
300 _a143
520 _aNOVEL
650 _aNOVEL
942 _cBK
999 _c5003
_d5003